00333pab a2200133 454500008004000000100001800040245004200058260000900100300001400109362000800123650002900131650002100160773001800181180718b2006 xxu||||| |||| 00| 0 eng d aAbrol, Dinesh aDemocratising Indian higher education c2006 ap.121-60. aSep aHigher education - India aHigher education aSocial Change